00848cam a22002411 450000100060000000300080000600500170001400800410003103500190007203500190009104000350011004100080014508200180015324501180017126000310028930000450032050000450036565100250041070000240043594200120045999900170047195201180048826745BD-RjUL20211209051048.0140323s1954 xx 000 0 eng  a(BD-RjUL)26816 a(BD-RjUL)26816 aDLCcCoDUdOCoLCdBD-RjULbeng aeng a943bGER 195414aThe German east /cwith contributions by Wolfgang La Baume [and others. Translated into English by Patrick Lynch] aBerlin,bK. Lemmer,c1954. a151 p.:billus., ports., maps. ;c24 cm. aTranslation of Deutsche Heimat in Osten. 0aGermany (East)96530 aPagel, Karl.982184 2ddccBK c26745d26745 00102ddc40728NFICaRUCLbRUCLcReadingd2014-03-23l0o943 GER 1954r2014-03-23 00:00:00tC-1w2014-03-23yBK